|
|
|
|
| LEADER |
00000ckm a2200000 a 4500 |
| 001 |
vtls011600470 |
| 003 |
SK-MaSNL |
| 005 |
20260301181139.0 |
| 007 |
kf ao |
| 008 |
231121q1920 xo g kuslo |
| 015 |
|
|
|a SNBG
|
| 035 |
|
|
|a urn:nbn:sk:snk-km00fc9v
|
| 035 |
|
|
|a urn:nbn:sk:snk-km45uqt
|
| 035 |
|
|
|a F873E00D-1E82-4FB8-B345-5C83187B1BDC
|
| 040 |
|
|
|a SNK
|b slo
|c SNK
|e AACR2
|
| 041 |
0 |
|
|a slo
|
| 043 |
|
|
|a e-xo---
|
| 044 |
|
|
|a xo
|c SK
|
| 072 |
|
7 |
|a 913
|x Regionálna geografia
|2 konspekt
|
| 080 |
|
|
|a 913(437.6)
|2 2011
|
| 080 |
|
|
|a 904(084.121)
|2 2011
|
| 080 |
|
|
|a 730
|2 2011
|
| 080 |
|
|
|a 725.1:352
|2 2011
|
| 080 |
|
|
|a 373/378
|2 2011
|
| 080 |
|
|
|a 27-526.64
|2 2011
|
| 245 |
0 |
0 |
|a Banská Štiavnica
|h grafika
|
| 260 |
|
|
|a [Banská Štiavnica]
|b Fr. Müller, kníhkupectvo
|c [medzi 1920 a 1973?]
|
| 300 |
|
|
|a 1 pohľadnica
|b tónovaná do hneda
|c 10 x 14 cm
|
| 520 |
8 |
|
|a Zobrazenie: V bielom orámovaní pohľad zboku na budovu radnice, pred ktorou je súsošie. Za radnicou je rad domov. V popredí vľavo je budova s nápisom "Mestská R K ľudová škola", pred ktorou sú stromy. Poniže nej je budova. Na chodníku, pred budovou školy stojí muž
|
| 650 |
0 |
7 |
|a kultúrne pamiatky
|2 SNKPH
|9 2862
|
| 650 |
0 |
7 |
|a súsošia
|2 SNKPH
|9 81386
|
| 650 |
0 |
7 |
|a radnice
|2 SNKPH
|9 27759
|
| 650 |
0 |
7 |
|a školy
|2 SNKPH
|9 1276
|
| 651 |
|
7 |
|a Banská Štiavnica (Slovensko)
|2 SNKPHgeo
|9 16373
|
| 655 |
|
7 |
|a miestne pohľadnice
|2 SNKPH
|9 70510
|
| 655 |
|
7 |
|a pohľadnice kultúrnych pamiatok
|2 SNKPH
|9 70523
|
| 852 |
|
|
|a Slovenská národná knižnica
|
| 958 |
|
|
|a OND
|
| 958 |
|
|
|a GBN
|
| 958 |
|
|
|a GC
|
| 958 |
|
|
|a EUIPO
|
| 999 |
|
|
|c 848921
|d 850851
|
| 952 |
|
|
|a SNK
|b SNK
|y PREZ
|7 0
|p 17A1211778
|o snkSP 11835
|0 0
|1 0
|4 0
|d 2016-12-19
|f 1
|l 0
|r 2026-02-24 04:34:49
|w 2026-02-24
|